000
00253nam a2200097Ia 4500
001
640164
005
20250826153442.0
008
250824s9999 xx 000 0 und d
245
0
_a
2 Anne Ejderhanın İntikamı
_c
Kate McMullan
260
_b
BEYAZ BALİNA
999
_c
640164
_d
640164